Guatemala y El Salvador: dos regímenes de exclusión /
Guatemala y El Salvador comparten una serie de características, en la década de los 70 se agraban sus crisis internas y tienen lugar una serie de movimientos sociales: manifestaciones de campesinos, obreros, estudiantes, huelgas, todas éstas de carácter reivindicativo y popular. Los movimientos de l...
Bewaard in:
| Hoofdauteur: | |
|---|---|
| Formaat: | Texto |
| Onderwerpen: | |
| Tags: |
Voeg label toe
Geen labels, Wees de eerste die dit record labelt!
|
MARC
| LEADER | 00000 a a2200000 04500 | ||
|---|---|---|---|
| 001 | 12762 | ||
| 003 | |||
| 040 | |||
| 100 | |a Gordon, Sara | ||
| 245 | |a Guatemala y El Salvador: |b dos regímenes de exclusión / |c Sara Gordon | ||
| 520 | |a Guatemala y El Salvador comparten una serie de características, en la década de los 70 se agraban sus crisis internas y tienen lugar una serie de movimientos sociales: manifestaciones de campesinos, obreros, estudiantes, huelgas, todas éstas de carácter reivindicativo y popular. Los movimientos de liberación nacional se consolidan y El Salvador toma rumbos de una guerra civil. Ambos países comparten un pasado de golpes de Estado y dictaduras militares, pero en el caso guatemalteco su pérdida de legitimidad no hizo la erosión necesaria para tornar viable una alternativa de izquierda |a en El Salvador el FMLN si se convirtió en alternativa de poder y produjo en el país un estado de guerra civil. Se hace énfasis en la intervención norteamericana a través de las transnacionales, la colaboración militar y económica, así como el importante papel del café en la formación de burguesías "poderosas y conservadoras". Presenta una serie de gráficos sobre las elecciones en estos países, los partidos que participaron y los candidatos triunfadores en un perído comprendido entre 1950 a 1977. AR/JM | ||
| 650 | |a PROBLEMAS POLITICOS | ||
| 650 | |a MOVIMIENTOS SOCIALES | ||
| 650 | |a MOVIMIENTOS DE LIBERACION NACIONAL | ||
| 650 | |a FUERZAS ARMADAS | ||
| 650 | |a GUERRA CIVIL | ||
| 650 | |a POBREZA | ||
| 650 | |a PARTIDOS POLITICOS | ||
| 650 | |a RELACIONES NORTE |z -SUR | ||
| 773 | |g volumen 2, número 10; páginas 12-24 | ||
| 999 | |c 31681 |d 31681 | ||
| 773 | 0 | |0 43288 |9 4764 |a Facultad Latinoamericana de Ciencias Sociales |d San José, Costa Rica: FLACSO, 1981- |o MFN: 1024 |t Polémica/ | |
